[Event "Luzern"]
[Site "?"]
[Date "1989.??.??"]
[Round "?"]
[White "Kortchnoi, V."]
[Black "Beliavsky, A."]
[Result "1/2-1/2"]
[WhiteElo "2655"]
[BlackElo "2620"]
[PlyCount "73"]
[EventDate "1989.??.??"]
[Source "ChessBase"]
[SourceDate "1989.07.01"]

1. d4 d5 2. c4 e6 3. Nf3 Nf6 4. Bg5 Be7 5. e3 O-O 6. Nbd2 Nbd7 7. Rc1 h6 8. Bxf6 Nxf6 9. c5 Qe8 10. Bd3 Bd7 11. Qc2 Bb5 12. O-O Bxd3 13. Qxd3 c6 14. Qc2 Nd7 15. g3 Qb8 16. e4 dxe4 17. Qxe4 Nf6 18. Qe2 Qd8 19. Nc4 Qd5 20. Rfe1 Rfd8 21. h3 Nd7 22. b4 b5 23. Ne3 Qh5 24. Kg2 Bf6 25. Qc2 a5 26. g4 Qg6 27. Qxg6 fxg6 28. Nc2 Kf7 29. Re4 g5 30. Rce1 Nf8 31. Kf1 axb4 32. Nxb4 Rdc8 33. R1e3 Rc7 34. Ne5+ Bxe5 35. Rxe5 Rd8 36. R5e4 Ng6 37. Ra3 1/2-1/2

[Event "13th HIT Open A"]
[Site "Nova Gorica SLO"]
[Date "2008.01.30"]
[Round "7"]
[White "Sedlak, N."]
[Black "Pavasovic, D."]
[Result "1/2-1/2"]
[WhiteElo "2568"]
[BlackElo "2601"]
[PlyCount "40"]
[EventDate "2008.01.26"]
[Source "www.chesslib.no"]
[SourceDate "2004.05.04"]

1. d4 d5 2. c4 e6 3. Nf3 Nf6 4. Bg5 dxc4 5. Qa4+ Nbd7 6. Qxc4 c5 7. g3 a6 8. Bg2 b5 9. Qd3 Bb7 10. O-O Be7 11. a4 O-O 12. axb5 axb5 13. Rxa8 Qxa8 14. dxc5 Nxc5 15. Qxb5 Ba6 16. Qa5 Bxe2 17. Qxa8 Rxa8 18. Nd4 Bxf1 19. Bxa8 Bd3 20. Nc3 h6 1/2-1/2

[Event "Elgoibar 10th"]
[Site "Elgoibar"]
[Date "2000.??.??"]
[Round "5"]
[White "Del Rio Angelis, Salvador Gabriel"]
[Black "Korneev, Oleg"]
[Result "0-1"]
[WhiteElo "2467"]
[BlackElo "2619"]
[PlyCount "58"]
[EventDate "2000.11.28"]
[Source "ChessBase"]
[SourceDate "2001.03.20"]

1. d4 d5 2. c4 e6 3. Nf3 Nf6 4. Bg5 dxc4 5. e3 b5 6. Be2 c6 7. O-O a6 8. a4 Bb7 9. b3 cxb3 10. Qxb3 Be7 11. Nbd2 Nbd7 12. e4 h6 13. Bh4 g5 14. Bg3 Nh5 15. Nc4 O-O 16. Ne3 Nxg3 17. fxg3 Bf6 18. e5 Bg7 19. Bd3 c5 20. Bb1 c4 21. Qb2 Qb6 22. a5 Qa7 23. Qc2 f5 24. exf6 Nxf6 25. Qg6 Bxf3 26. Rxf3 Qxd4 27. Ra2 g4 28. Rf4 Qxe3+ 29. Raf2 Rad8 0-1

[Event "St Petersburg-ch"]
[Site "St Petersburg"]
[Date "2002.04.24"]
[Round "8"]
[White "Eliseev, Alexey"]
[Black "Popov, Valerij"]
[Result "1/2-1/2"]
[WhiteElo "2489"]
[BlackElo "2593"]
[PlyCount "70"]
[EventDate "2002.04.16"]
[Source "ChessBase"]
[SourceDate "2002.08.12"]

1. d4 d5 2. c4 e6 3. Nf3 Nf6 4. Bg5 h6 5. Bxf6 Qxf6 6. e3 Qd8 7. Nc3 Be7 8. Qb3 c6 9. Rc1 O-O 10. Be2 Nd7 11. O-O f5 12. Bd3 Kh8 13. Qc2 g6 14. Ne2 Bd6 15. Qd2 Qe7 16. Nf4 Rg8 17. g3 a5 18. a3 g5 19. Ng2 Qf6 20. Qe2 Nf8 21. Bb1 Bd7 22. Nfe1 Ng6 23. c5 Bc7 24. f4 gxf4 25. gxf4 Nh4 26. Kh1 Nxg2 27. Nxg2 Rg4 28. Ne1 Rag8 29. Nf3 Be8 30. Bd3 Bh5 31. Qf2 Qg7 32. Rg1 Rxg1+ 33. Nxg1 Bd8 34. Nf3 Bf6 35. Be2 Bxf3+ 1/2-1/2

[Event "Nationale I"]
[Site "Bordeaux"]
[Date "2003.04.04"]
[Round "5.3"]
[White "Bauer, Christian"]
[Black "Marciano, David"]
[Result "1/2-1/2"]
[WhiteElo "2579"]
[BlackElo "2502"]
[PlyCount "40"]
[EventDate "2003.04.03"]
[Source "Roberto Alvarez"]
[SourceDate "2003.04.07"]

1. d4 d5 2. c4 e6 3. Nf3 Nf6 4. Bg5 Be7 5. e3 O-O 6. Nbd2 Nbd7 7. Be2 c5 8. O-O b6 9. Rc1 Bb7 10. cxd5 Nxd5 11. Bxe7 Qxe7 12. Bb5 Rac8 13. Qa4 Rfd8 14. Nb3 N5f6 15. Ba6 Bc6 16. Qa3 Bxf3 17. Bxc8 Ne4 18. gxf3 Qg5+ 19. Kh1 Qh5 20. fxe4 Qf3+ 1/2-1/2

[Event "Kilkenny"]
[Site "?"]
[Date "1999.??.??"]
[Round "?"]
[White "Hebden, M."]
[Black "Lalic, B."]
[Result "1/2-1/2"]
[WhiteElo "2510"]
[BlackElo "2550"]
[PlyCount "64"]
[EventDate "1999.??.??"]
[Source "Chess Informant"]
[SourceDate "1999.10.01"]

1. d4 d5 2. c4 e6 3. Nf3 Nf6 4. Bg5 dxc4 5. Qa4+ Nbd7 6. e4 c6 7. Qxc4 Qb6 8. Nbd2 Qxb2 9. Rb1 Qa3 10. Bd3 h6 11. Bf4 Qa5 12. O-O Be7 13. Qc2 Qd8 14. Nc4 O-O 15. Rfd1 c5 16. d5 exd5 17. exd5 Re8 18. d6 Bf8 19. Nfe5 g5 20. Bg6 Nxe5 21. Bxe5 Bg7 22. Bxf6 Bxf6 23. Bxf7+ Kxf7 24. d7 Bxd7 25. Qh7+ Bg7 26. Rxb7 Kf8 27. h3 Re7 28. Rdxd7 Rxd7 29. Qf5+ Ke8 30. Rxd7 Qxd7 31. Qe4+ Kf7 32. Qxa8 Bd4 1/2-1/2

[Event "Varazdin GM"]
[Site "Varazdin"]
[Date "2003.11.29"]
[Round "9"]
[White "Koziak, Vitali"]
[Black "Georgiev, Vladimir"]
[Result "1-0"]
[WhiteElo "2460"]
[BlackElo "2596"]
[PlyCount "59"]
[EventDate "2003.11.24"]
[Source "ChessBase"]
[SourceDate "2004.03.30"]

1. d4 d5 2. c4 e6 3. Nf3 Nf6 4. Bg5 c6 5. e3 Qa5+ 6. Nbd2 Ne4 7. Bf4 Nd7 8. a3 g5 9. Nxg5 Nxg5 10. Bxg5 dxc4 11. Bf4 e5 12. dxe5 Nb6 13. Qc2 Be6 14. O-O-O Rd8 15. Nxc4 Rxd1+ 16. Kxd1 Qd5+ 17. Nd2 Bg7 18. e4 Qd4 19. Qc3 Qa4+ 20. Kc1 O-O 21. Bd3 c5 22. Be3 c4 23. Bc2 Qb5 24. f4 Bg4 25. Bxb6 Qxb6 26. Nxc4 Qh6 27. Qg3 Be6 28. Nd6 f6 29. Bb3 f5 30. Nxf5 1-0

[Event "Metz op 20th"]
[Site "Metz"]
[Date "2002.04.16"]
[Round "4"]
[White "Eingorn, Vereslav S"]
[Black "Froehlich, Peter"]
[Result "1-0"]
[WhiteElo "2598"]
[BlackElo "2433"]
[PlyCount "65"]
[EventDate "2002.04.13"]
[Source "ChessBase"]
[SourceDate "2002.05.03"]

1. d4 d5 2. c4 e6 3. Nf3 Nf6 4. Bg5 h6 5. Bxf6 Qxf6 6. Nc3 dxc4 7. e4 Bb4 8. Bxc4 O-O 9. O-O Nc6 10. e5 Qe7 11. Qe2 Rd8 12. Rad1 Bd7 13. Ne4 Ba5 14. a3 Bb6 15. Ba2 Be8 16. Qe3 Qf8 17. Bb1 Ne7 18. Qd3 Kh8 19. Nf6 Ng6 20. Nxe8 Qxe8 21. Qe4 Qb5 22. Rd2 c5 23. Qxb7 cxd4 24. Qxf7 Nxe5 25. Nxe5 Qxe5 26. Qg6 Kg8 27. Bd3 Qf6 28. Qh7+ Kf7 29. Re2 Rd6 30. Rfe1 Re8 31. Re4 Bc7 32. Rg4 Kf8 33. Rg3 1-0

[Event "KNSB TCh-NED 2007-8"]
[Site "Netherlands NED"]
[Date "2007.11.03"]
[Round "3"]
[White "Cardon, H."]
[Black "Fridman, D2."]
[Result "0-1"]
[WhiteElo "2398"]
[BlackElo "2621"]
[PlyCount "70"]
[EventDate "2007.09.15"]
[Source "www.chesslib.no"]
[SourceDate "2004.05.04"]

1. d4 d5 2. c4 e6 3. Nf3 Nf6 4. Bg5 dxc4 5. Qa4+ c6 6. Qxc4 b5 7. Qc2 Bb7 8. Nbd2 Nbd7 9. Nb3 Rc8 10. Nc5 Nxc5 11. dxc5 Qa5+ 12. Nd2 Nd7 13. Be3 Rd8 14. a3 Nxc5 15. g3 Nd7 16. Bg2 Qc7 17. O-O c5 18. Bxb7 Qxb7 19. Ne4 Rc8 20. a4 b4 21. Rfd1 Be7 22. Bg5 f6 23. Qc4 Rc6 24. Bf4 Nb6 25. Qb3 c4 26. Qf3 Nd5 27. Qg4 Kf7 28. Qh5+ g6 29. Qh6 Qa6 30. Rd4 c3 31. bxc3 bxc3 32. Rd3 Rc4 33. Ng5+ fxg5 34. Be5 Nf6 35. Rf3 g4 0-1

[Event "Leon op"]
[Site "Leon"]
[Date "1998.??.??"]
[Round "8"]
[White "Damaso, Rui"]
[Black "Korneev, Oleg"]
[Result "1/2-1/2"]
[WhiteElo "2440"]
[BlackElo "2560"]
[PlyCount "66"]
[EventDate "1998.07.??"]
[Source "www.chesslib.no"]
[SourceDate "2004.05.04"]

1. d4 d5 2. c4 e6 3. Nf3 Nf6 4. Bg5 dxc4 5. Qa4+ Nbd7 6. Nc3 a6 7. e4 Rb8 8. Bxf6 Qxf6 9. Qxc4 c5 10. e5 Qf4 11. d5 Qxc4 12. Bxc4 Nb6 13. Nd2 Nxc4 14. Nxc4 b5 15. Ne3 Be7 16. d6 Bd8 17. a4 f5 18. axb5 axb5 19. f4 Bd7 20. Kd2 Bb6 21. g4 fxg4 22. Rhg1 h5 23. h3 O-O 24. Raf1 c4 25. hxg4 b4 26. Ne4 Bc6 27. Ng5 c3+ 28. bxc3 bxc3+ 29. Kd3 Bb5+ 30. Ke4 Ra8 31. Ra1 Bc6+ 32. Kd3 Bb5+ 33. Ke4 Bc6+ 1/2-1/2

[Event "Guernsey Open"]
[Site "Guernsey GCI"]
[Date "1990.??.??"]
[Round "?"]
[White "Hebden, Mark L"]
[Black "Flear, Glenn C"]
[Result "1-0"]
[WhiteElo "2530"]
[BlackElo "2470"]
[PlyCount "61"]
[EventDate "1990.??.??"]
[Source "www.chesslib.no"]
[SourceDate "2004.05.04"]

1. d4 d5 2. c4 e6 3. Nf3 Nf6 4. Bg5 c6 5. Nbd2 Nbd7 6. e3 Be7 7. Bd3 h6 8. Bh4 O-O 9. Rc1 c5 10. Bxf6 Bxf6 11. cxd5 exd5 12. O-O c4 13. Bb1 b5 14. b3 Bb7 15. a4 a6 16. e4 dxe4 17. Nxe4 cxb3 18. Qxb3 Qb6 19. Rfe1 Rac8 20. a5 Qxa5 21. Rxc8 Bxc8 22. Nd6 Bxd4 23. Nxf7 g6 24. N7e5+ Kg7 25. Nc6 Bxf2+ 26. Kf1 Qb6 27. Re7+ Kh8 28. Qb2+ Nf6 29. Nce5 Bd4 30. Nxg6+ Kg8 31. Qa2+ 1-0

[Event "Terrassa Open"]
[Site "Terrassa ESP"]
[Date "1995.??.??"]
[Round "8"]
[White "Campos Moreno, Javier B"]
[Black "Korneev, Oleg"]
[Result "1-0"]
[WhiteElo "2455"]
[BlackElo "2540"]
[PlyCount "67"]
[EventDate "1995.07.??"]
[Source "www.chesslib.no"]
[SourceDate "2004.05.04"]

1. d4 d5 2. c4 e6 3. Nf3 Nf6 4. Bg5 dxc4 5. Nc3 a6 6. e3 b5 7. a4 c6 8. axb5 cxb5 9. Bxf6 gxf6 10. Nxb5 axb5 11. Rxa8 Bb7 12. Ra1 Bb4+ 13. Ke2 Nd7 14. Ne1 f5 15. f3 Rg8 16. g3 h5 17. Ng2 Bd6 18. Kf2 Qc7 19. Nf4 Bxf4 20. gxf4 Bd5 21. Be2 Ke7 22. Rg1 Rxg1 23. Qxg1 b4 24. Qe1 b3 25. Qa5 Qc8 26. Qb4+ Kf6 27. Ra7 h4 28. Qa5 Nf8 29. Qc7 Qe8 30. e4 Ba8 31. exf5 Kg7 32. Bxc4 Bd5 33. Bxd5 exd5 34. Qe5+ 1-0

[Event "Antalya op"]
[Site "?"]
[Date "2002.02.28"]
[Round "7"]
[White "Mollov Ergin"]
[Black "Ivanisevic Ivan"]
[Result "1-0"]
[WhiteElo "2444"]
[BlackElo "2540"]
[PlyCount "63"]
[EventDate "2002.??.??"]
[Source "www.chesslib.no"]
[SourceDate "2004.05.04"]

1. d4 d5 2. c4 e6 3. Nf3 Nf6 4. Bg5 dxc4 5. Qa4+ Nbd7 6. e4 c5 7. Bxc4 cxd4 8. O-O h6 9. Bxf6 Qxf6 10. Nbd2 a6 11. e5 Qg6 12. Nb3 Rb8 13. Nbxd4 Bc5 14. Rad1 O-O 15. Bd3 Qh5 16. Bb1 Nxe5 17. Nxe5 Qxe5 18. Qc2 g6 19. Nf3 Qh5 20. Rfe1 Ba7 21. Re5 f5 22. a3 g5 23. Ba2 Qg6 24. Rd6 Re8 25. Rxf5 Qg7 26. Ne5 Qh7 27. Ng4 Kh8 28. Qc3+ Qg7 29. Rf7 Qxc3 30. bxc3 Bc5 31. Nf6 Rf8 32. Rh7# 1-0

[Event "Jakarta op"]
[Site "Jakarta"]
[Date "1997.??.??"]
[Round "?"]
[White "Chiong, Luiz"]
[Black "Korneev, Oleg"]
[Result "1-0"]
[WhiteElo "2390"]
[BlackElo "2590"]
[PlyCount "59"]
[EventDate "1997.??.??"]
[Source "www.chesslib.no"]
[SourceDate "2004.05.04"]

1. d4 d5 2. c4 e6 3. Nf3 Nf6 4. Bg5 dxc4 5. Qa4+ Nbd7 6. Qxc4 a6 7. Nbd2 b5 8. Qc6 Rb8 9. Rc1 Bd6 10. e4 Bb7 11. Qc2 h6 12. Bh4 e5 13. dxe5 Nxe5 14. Nxe5 Bxe5 15. Bd3 O-O 16. O-O Bxh2+ 17. Kxh2 Ng4+ 18. Kg3 Qd7 19. Be2 h5 20. Rfe1 Qe6 21. f4 Ne3 22. Qc5 Qg6+ 23. Qg5 Qxg5+ 24. Bxg5 f6 25. Bh4 Ng4 26. Bd1 Rbd8 27. Bb3+ Kh8 28. Rxc7 Ba8 29. Rc2 Rfe8 30. Bf7 1-0

[Event "Balkan-ch"]
[Site "?"]
[Date "2002.12.15"]
[Round "7"]
[White "Nikolaidis Ioannis"]
[Black "Ninov Nikolai"]
[Result "1/2-1/2"]
[WhiteElo "2495"]
[BlackElo "2465"]
[PlyCount "51"]
[EventDate "2002.??.??"]
[Source "www.chesslib.no"]
[SourceDate "2004.05.04"]

1. d4 d5 2. c4 e6 3. Nf3 Nf6 4. Bg5 Bb4+ 5. Nfd2 dxc4 6. e3 Nbd7 7. Bxc4 c5 8. dxc5 O-O 9. O-O h6 10. Bh4 Bxc5 11. Nc3 Ne5 12. Be2 Be7 13. Bg3 Nfd7 14. Qc2 b6 15. Nf3 Nc6 16. Rfd1 Bb7 17. Rd2 Qc8 18. Nb5 Nf6 19. Rc1 Rd8 20. a3 Ne8 21. Rxd8 Bxd8 22. Nd2 Ne7 23. Nc4 Nf5 24. Qd2 Nxg3 25. hxg3 Qc6 26. Bf3 1/2-1/2

[Event "Benidorm Open"]
[Site "Benidorm"]
[Date "1993.??.??"]
[Round "4"]
[White "Hebden, Mark L"]
[Black "Braga, Fernando"]
[Result "1-0"]
[WhiteElo "2520"]
[BlackElo "2435"]
[PlyCount "99"]
[EventDate "1993.??.??"]
[Source "www.chesslib.no"]
[SourceDate "2004.05.04"]

1. d4 d5 2. c4 e6 3. Nf3 Nf6 4. Bg5 Bb4+ 5. Nbd2 dxc4 6. a3 Be7 7. Nxc4 O-O 8. e3 Nbd7 9. Rc1 c5 10. Be2 b6 11. O-O Bb7 12. Bf4 cxd4 13. Nxd4 Rc8 14. Bf3 Bd5 15. Bxd5 Nxd5 16. Bg3 Nc5 17. Qc2 h5 18. h3 Nb7 19. Qe2 g6 20. Rfd1 Qe8 21. e4 Bg5 22. exd5 Bxc1 23. dxe6 Rxc4 24. Qxc4 Bxb2 25. Qb4 Bxd4 26. e7 Bc5 27. exf8=Q+ Bxf8 28. Qc4 Nc5 29. Kh2 Ne6 30. Qa6 Qe7 31. a4 h4 32. Bb8 Qc5 33. Qe2 a5 34. Qf3 Qc4 35. Rd7 Ng5 36. Qf6 Qc5 37. Rd8 Ne6 38. Be5 Qxe5+ 39. Qxe5 Nxd8 40. Qb8 Ne6 41. Qxb6 Bb4 42. Qe3 g5 43. Qe5 Kf8 44. Qf6 Ke8 45. g3 Be7 46. Qh8+ Kd7 47. gxh4 gxh4 48. Qh5 Nc5 49. Qxf7 Nxa4 50. Qf5+ 1-0

[Event "Herceg Novi Mimoza op"]
[Site "Herceg Novi"]
[Date "2002.02.09"]
[Round "8"]
[White "Abramovic, Bosko"]
[Black "Savanovic, Aleksandar"]
[Result "1-0"]
[WhiteElo "2524"]
[BlackElo "2428"]
[PlyCount "129"]
[EventDate "2002.02.04"]
[Source "ChessBase"]
[SourceDate "2002.03.14"]

1. d4 d5 2. c4 e6 3. Nf3 Nf6 4. Bg5 Be7 5. e3 O-O 6. Nbd2 c5 7. dxc5 Bxc5 8. cxd5 exd5 9. Be2 h6 10. Bh4 Nc6 11. O-O Re8 12. Nb3 Bb6 13. Nbd4 Re4 14. Nxc6 bxc6 15. Rc1 Bg4 16. Bxf6 Qxf6 17. Nd2 Bxe2 18. Nxe4 Qxb2 19. Rc2 Bxd1 20. Rxb2 Bg4 21. Nc3 d4 22. exd4 Bxd4 23. Rc1 Re8 24. h3 Bf5 25. Rd2 Bf6 26. Re2 Rb8 27. Ne4 Be5 28. g4 Be6 29. Rxc6 Rb1+ 30. Kg2 Rb4 31. f3 Bd4 32. Rcc2 Ra4 33. Nd6 Bb6 34. Nc8 Bd8 35. Nd6 Be7 36. Ne4 Ra5 37. Kg3 h5 38. Kg2 hxg4 39. hxg4 g6 40. Red2 Kf8 41. Rb2 Ra6 42. Rb8+ Kg7 43. Rb7 Kf8 44. g5 Bf5 45. Nf6 Bxf6 46. gxf6 Rxf6 47. Rxa7 Rc6 48. a4 Be6 49. Rd3 Kg7 50. a5 Bc4 51. Ra3 Ba6 52. Kg3 g5 53. Rb3 Bf1 54. Rbb7 Rc2 55. Rxf7+ Kg6 56. f4 Rg2+ 57. Kf3 g4+ 58. Ke3 Rg3+ 59. Ke4 Bg2+ 60. Kd4 Rf3 61. Rg7+ Kf5 62. Raf7+ Ke6 63. a6 g3 64. a7 Ra3 65. f5+ 1-0

[Event "Cappelle Open"]
[Site "Cappelle la Grande FRA"]
[Date "1994.??.??"]
[Round "2"]
[White "Hebden, Mark L"]
[Black "Dobrovolsky, Ladislav"]
[Result "1-0"]
[WhiteElo "2530"]
[BlackElo "2400"]
[PlyCount "79"]
[EventDate "1994.02.??"]
[Source "www.chesslib.no"]
[SourceDate "2004.05.04"]

1. d4 d5 2. c4 e6 3. Nf3 Nf6 4. Bg5 Be7 5. e3 O-O 6. Nbd2 Ne4 7. Bxe7 Qxe7 8. Rc1 c6 9. Bd3 Nxd2 10. Qxd2 dxc4 11. Rxc4 Nd7 12. Bb1 e5 13. O-O e4 14. Ne5 Nb6 15. Rcc1 f6 16. Nc4 Nxc4 17. Rxc4 Be6 18. Rc5 Bd5 19. Bc2 Rad8 20. Qc1 Qe6 21. b4 f5 22. b5 b6 23. Rxc6 Bxc6 24. bxc6 Kh8 25. Bb3 Qd6 26. Qc4 f4 27. exf4 Rxf4 28. Rc1 Rff8 29. d5 b5 30. Qc5 Rf6 31. Qxa7 Rdf8 32. g3 h6 33. c7 Qd7 34. Qd4 Rc8 35. Qc5 e3 36. Qxe3 Rxc7 37. Rxc7 Qxc7 38. Qe8+ Kh7 39. d6 Qc1+ 40. Kg2 1-0

[Event "Glasgow Open"]
[Site "Glasgow SCO"]
[Date "1995.??.??"]
[Round "5"]
[White "Hebden, Mark L"]
[Black "Bryson, Douglas M"]
[Result "1-0"]
[WhiteElo "2550"]
[BlackElo "2380"]
[PlyCount "65"]
[EventDate "1995.??.??"]
[Source "www.chesslib.no"]
[SourceDate "2004.05.04"]

1. d4 d5 2. c4 e6 3. Nf3 Nf6 4. Bg5 dxc4 5. Qa4+ Nbd7 6. e4 Be7 7. Nbd2 O-O 8. Bxc4 c5 9. e5 Nd5 10. Bxe7 Nxe7 11. Bd3 cxd4 12. O-O b6 13. Qxd4 Nc5 14. Bxh7+ Kxh7 15. Qh4+ Kg8 16. Ng5 Qd3 17. Nde4 Rd8 18. Rad1 Qxf1+ 19. Rxf1 Nxe4 20. Nxe4 Bb7 21. Nd6 Ng6 22. Qg5 Bd5 23. h4 Rd7 24. a3 Rad8 25. f4 Nf8 26. Rc1 Nh7 27. Qg3 f5 28. h5 Nf8 29. Qg5 Nh7 30. Qh4 Nf8 31. Rc3 Rb8 32. Rg3 Kh7 33. h6 1-0

[Event "Bled op"]
[Site "Bled"]
[Date "2001.03.26"]
[Round "3"]
[White "Jovanic, Ognjen"]
[Black "Sveshnikov, Evgeny"]
[Result "0-1"]
[WhiteElo "2361"]
[BlackElo "2561"]
[PlyCount "56"]
[EventDate "2001.03.24"]
[Source "ChessBase"]
[SourceDate "2001.05.06"]

1. d4 d5 2. c4 e6 3. Nf3 Nf6 4. Bg5 h6 5. Bh4 dxc4 6. Qa4+ Nbd7 7. Qxc4 c5 8. Nc3 a6 9. dxc5 Bxc5 10. e3 b5 11. Qb3 Bb7 12. Rd1 Qa5 13. Be2 Bd5 14. Qc2 Bb4 15. O-O Bxc3 16. bxc3 Rc8 17. Bxf6 Nxf6 18. a4 Rxc3 19. Qb2 b4 20. Rb1 b3 21. Bxa6 O-O 22. Bb5 Ne4 23. Rfc1 Rfc8 24. Rxc3 Nxc3 25. Rc1 Rc7 26. Bd3 Nxa4 27. Rxc7 Qxc7 28. Qb1 b2 0-1

[Event "Balaguer Op"]
[Site "?"]
[Date "1997.??.??"]
[Round "?"]
[White "Berebora, F."]
[Black "Ivanov, S."]
[Result "0-1"]
[WhiteElo "2390"]
[BlackElo "2530"]
[PlyCount "144"]
[EventDate "1997.??.??"]
[Source "www.chesslib.no"]
[SourceDate "2004.05.04"]

1. d4 d5 2. c4 e6 3. Nf3 Nf6 4. Bg5 dxc4 5. Qa4+ Nbd7 6. e3 a6 7. Bxc4 Rb8 8. Qc2 b5 9. Be2 Bb7 10. O-O c5 11. Nbd2 Rc8 12. dxc5 Bxc5 13. Qb1 O-O 14. a4 b4 15. a5 Be7 16. Rc1 Nc5 17. Rd1 Nd5 18. Bxe7 Qxe7 19. Qa2 f5 20. Rac1 Kh8 21. Nb3 Ne4 22. Rxc8 Rxc8 23. Rc1 Rxc1+ 24. Nxc1 Qc7 25. Nd3 h6 26. Qa4 Kh7 27. Qe8 Qxa5 28. Qxe6 Ndf6 29. h3 Qd5 30. Qxd5 Nxd5 31. Nd4 a5 32. Nxf5 a4 33. Nd4 a3 34. bxa3 bxa3 35. Nc2 a2 36. Nc1 Nb4 37. Na1 Nd2 38. f3 Bd5 39. e4 Bc4 40. Kf2 Kg6 41. Ke3 Bxe2 42. Kxe2 Nc4 43. f4 Kf6 44. Nd3 Nxd3 45. Kxd3 Na5 46. Kd4 Ke6 47. g4 Nc6+ 48. Kc5 Ne5 49. f5+ Ke7 50. Kd5 Kf6 51. Nb3 g6 52. Kd4 Nf3+ 53. Ke3 Ne1 54. fxg6 Kxg6 55. Kf4 Nd3+ 56. Kg3 Nc5 57. Na1 Nxe4+ 58. Kf4 Nf2 59. h4 Nd3+ 60. Ke3 Nc5 61. Kf4 Ne6+ 62. Ke5 Ng7 63. Nb3 Ne8 64. Ke6 Nf6 65. g5 Ne4 66. Kd5 Nxg5 67. Kc4 Nf3 68. Kc3 Nxh4 69. Kb2 Nf3 70. Kxa2 h5 71. Nc1 h4 72. Nd3 Kf5 0-1

[Event "Manila ol (Men)"]
[Site "Manila PHI"]
[Date "1992.??.??"]
[Round "?"]
[White "Lutz, Christopher"]
[Black "Pyhala, Antti"]
[Result "1-0"]
[WhiteElo "2540"]
[BlackElo "2365"]
[PlyCount "63"]
[EventDate "1992.06.??"]
[Source "www.chesslib.no"]
[SourceDate "2004.05.04"]

1. d4 d5 2. c4 e6 3. Nf3 Nf6 4. Bg5 h6 5. Bxf6 Qxf6 6. Nc3 Bb4 7. Qb3 c5 8. cxd5 exd5 9. e3 O-O 10. dxc5 Nc6 11. Bb5 Bxc3+ 12. Qxc3 Qxc3+ 13. bxc3 Na5 14. Nd4 a6 15. Be2 Be6 16. Nb3 Nc6 17. O-O Rfc8 18. Rab1 a5 19. Nd4 Nd8 20. Nxe6 Nxe6 21. Bf3 Nxc5 22. Bxd5 Rab8 23. c4 Na4 24. Rb3 b5 25. Rxb5 Rxb5 26. cxb5 Rc5 27. Bb3 Nb2 28. Rb1 a4 29. b6 axb3 30. b7 Rb5 31. Rxb2 Rxb7 32. axb3 1-0

[Event "Cappelle Open"]
[Site "Cappelle la Grande FRA"]
[Date "1991.??.??"]
[Round "6"]
[White "Hebden, Mark L"]
[Black "Dumitrache, Dragos"]
[Result "1/2-1/2"]
[WhiteElo "2475"]
[BlackElo "2395"]
[PlyCount "96"]
[EventDate "1991.02.??"]
[Source "www.chesslib.no"]
[SourceDate "2004.05.04"]

1. d4 d5 2. c4 e6 3. Nf3 Nf6 4. Bg5 Be7 5. e3 h6 6. Bh4 O-O 7. Nbd2 b6 8. Rc1 Bb7 9. cxd5 Nxd5 10. Bg3 c5 11. Be2 Nc6 12. dxc5 Bxc5 13. O-O Rc8 14. Nc4 Qe7 15. Qb3 Nf6 16. Ne1 Ne4 17. Nd3 Na5 18. Nxa5 Nd2 19. Qb5 a6 20. Qa4 Nxf1 21. Bxf1 bxa5 22. Qxa5 Bd6 23. Bxd6 Qxd6 24. Nc5 Qd5 25. Rc3 Bc6 26. h3 Bb5 27. Nxa6 Rxc3 28. bxc3 Bxf1 29. Qxd5 exd5 30. Kxf1 Rc8 31. Nb4 Rxc3 32. Nxd5 Ra3 33. g4 Rxa2 34. Kg2 Ra5 35. Nf4 Kf8 36. Kg3 Ke7 37. h4 Ra1 38. Ne2 Kf6 39. Nd4 Ke5 40. h5 Rg1+ 41. Kf3 g6 42. Ne2 Rd1 43. hxg6 fxg6 44. Kg2 Rd2 45. Nf4 Rd6 46. f3 Rd2+ 47. Kg3 g5 48. Nh3 Rd3 1/2-1/2

[Event "Lone Pine"]
[Site "Lone Pine"]
[Date "1980.??.??"]
[Round "8"]
[White "Zaltsman, Vitaly F"]
[Black "Frias, Victor J"]
[Result "1/2-1/2"]
[WhiteElo "2460"]
[BlackElo "2410"]
[PlyCount "72"]
[EventDate "1980.03.??"]
[Source "ChessBase"]

1. d4 d5 2. c4 e6 3. Nf3 Nf6 4. Bg5 Be7 5. e3 O-O 6. cxd5 exd5 7. Nc3 c6 8. Qc2 Re8 9. Bxf6 Bxf6 10. Bd3 h6 11. O-O a5 12. a3 Qd6 13. Na4 Bg4 14. Nd2 Nd7 15. Rfc1 Be6 16. Nb3 Rec8 17. Nbc5 Rab8 18. Nxd7 Bxd7 19. Nb6 Re8 20. Nxd7 Qxd7 21. b4 Ra8 22. b5 cxb5 23. Qc5 Rec8 24. Qxb5 Qxb5 25. Bxb5 Be7 26. a4 Bb4 27. Be2 Rc6 28. Bb5 Rcc8 29. Bd7 Rc4 30. Bg4 Rc6 31. Rxc6 bxc6 32. Rc1 Ra6 33. Bd7 Ra7 34. Bxc6 Rc7 35. Rc2 Kf8 36. f3 f5 1/2-1/2

[Event "Tel Aviv"]
[Site "Tel Aviv"]
[Date "2002.08.15"]
[Round "7"]
[White "Lerner, Konstantin Z"]
[Black "Kaganskiy, Gleb"]
[Result "1-0"]
[WhiteElo "2536"]
[BlackElo "2332"]
[PlyCount "55"]
[EventDate "2002.08.11"]
[Source "ChessBase"]
[SourceDate "2002.09.11"]

1. d4 d5 2. c4 e6 3. Nf3 Nf6 4. Bg5 Nbd7 5. e3 c6 6. a3 Be7 7. Nc3 O-O 8. Qc2 dxc4 9. Bxc4 Nd5 10. h4 h6 11. Bxe7 Qxe7 12. g4 b6 13. g5 h5 14. g6 f5 15. Nxd5 cxd5 16. Bb5 Nf6 17. Ne5 Ng4 18. Rc1 Qf6 19. Qc7 Nxe5 20. Qxe5 Qxg6 21. Kd2 f4 22. Rhg1 fxe3+ 23. Kxe3 Qh6+ 24. f4 Rf5 25. Qd6 a6 26. Bd3 Rf6 27. Rc7 e5 28. Qxd5+ 1-0

[Event "Belgrade TS04 GM"]
[Site "Belgrade"]
[Date "2002.04.28"]
[Round "9"]
[White "Abramovic, Bosko"]
[Black "Payen, Arnaud"]
[Result "0-1"]
[WhiteElo "2509"]
[BlackElo "2356"]
[PlyCount "38"]
[EventDate "2002.04.20"]
[Source "ChessBase"]
[SourceDate "2002.07.08"]

1. d4 d5 2. c4 e6 3. Nf3 Nf6 4. Bg5 Be7 5. e3 h6 6. Bh4 O-O 7. Nbd2 c5 8. dxc5 Na6 9. cxd5 Nxc5 10. dxe6 Bxe6 11. Nd4 Bg4 12. Be2 Nd3+ 13. Kf1 Nd5 14. Bxe7 Qxe7 15. Bxg4 Nxf2 16. Nf5 Nxe3+ 17. Kxf2 Nxd1+ 18. Rhxd1 Qc5+ 19. Ne3 f5 0-1

[Event "It"]
[Site "Rio de Janeiro"]
[Date "2003.12.17"]
[Round "2"]
[White "Disconzi da Silva, Rodrigo"]
[Black "Vera, Reynaldo"]
[Result "1/2-1/2"]
[WhiteElo "2377"]
[BlackElo "2487"]
[PlyCount "88"]
[EventDate "2003.12.17"]
[Source "Roberto Alvarez"]
[SourceDate "2004.01.19"]

1. d4 d5 2. c4 e6 3. Nf3 Nf6 4. Bg5 dxc4 5. Qa4+ Nbd7 6. Qxc4 a6 7. Nbd2 c5 8. e3 b5 9. Qc2 Bb7 10. a4 cxd4 11. axb5 dxe3 12. fxe3 a5 13. Bc4 Bc5 14. O-O-O Qb6 15. Kb1 O-O 16. e4 Rfc8 17. Rhe1 h6 18. Bf4 a4 19. Ka2 Bb4 20. Re2 a3 21. b3 Qxb5 22. Qb1 Qa5 23. g4 Nb6 24. g5 hxg5 25. Bxg5 Bc3 26. Rg1 Ne8 27. Qd3 Nxc4 28. Nxc4 Ba6 29. Rc2 Bxc4 30. bxc4 Bb2 31. e5 Bxe5 32. Bd2 Qc7 33. Nxe5 Qxe5 34. Bc3 Qf5 35. Qxf5 exf5 36. Bxg7 Nxg7 37. Rcg2 Rxc4 38. Rxg7+ Kh8 39. Rxf7 Rc2+ 40. Ka1 Rxh2 41. Rxf5 a2 42. Rb5 Rd2 43. Rb2 Rxb2 44. Kxb2 Rd8 1/2-1/2

[Event "GRE-chT 29th"]
[Site "Athens"]
[Date "2000.07.10"]
[Round "5"]
[White "Nikolaidis, Ioannis"]
[Black "Kapnisis, Spyridon"]
[Result "1/2-1/2"]
[WhiteElo "2530"]
[BlackElo "2320"]
[PlyCount "84"]
[EventDate "2000.07.06"]
[Source "www.chesslib.no"]
[SourceDate "2004.05.04"]

1. d4 d5 2. c4 e6 3. Nf3 Nf6 4. Bg5 dxc4 5. Qa4+ Nbd7 6. e4 c5 7. Nc3 a6 8. O-O-O b5 9. Nxb5 Qb6 10. Nc3 cxd4 11. Rxd4 Bc5 12. Bxf6 gxf6 13. Rxc4 Bxf2 14. Bd3 O-O 15. e5 f5 16. Nd1 Nc5 17. Qc2 Nxd3+ 18. Qxd3 Bb7 19. Nxf2 Qxf2 20. Rf1 Qb6 21. Nd2 Rfc8 22. g4 Bd5 23. gxf5 Bxc4 24. Nxc4 Qc5 25. Qg3+ Kh8 26. b3 Qd4 27. Rf2 Qa1+ 28. Kc2 Qxa2+ 29. Kc3 Qa1+ 30. Kc2 Qa2+ 31. Kc3 Qa1+ 32. Kd2 Qd4+ 33. Ke2 exf5 34. Rf4 Qd5 35. Qh4 Qe6 36. Rd4 Qg6 37. Qe7 Qg2+ 38. Kd3 Rf8 39. Qf6+ Qg7 40. Qxf5 Qg6 41. Rf4 Rad8+ 42. Kc3 Qxf5 1/2-1/2